Meilleur defense 4g - Statistiques

Statistiques générales
  • Ce quiz a été pris 9 fois
  • Le résultat moyen est 27 sur 32
Statistiques - réponses
Hint Réponse % Correct
120 arceus
100%
116 archeodong
100%
168 bastiodon
100%
125 bouldeneu
100%
105 cheniselle
100%
105 crefollet
100%
130 crehelf
100%
120 cresselia
100%
120 dialga
100%
118 dinoclier
100%
110 givrali
100%
118 hippodocus
100%
105 mega blizzaroi
100%
115 mega carchacrok
100%
107 motisma
100%
135 noctunoir
100%
100 palkia
100%
130 phyllali
100%
110 regigigas
100%
130 rhinastoc
100%
108 spiritomb
100%
105 torterra
100%
102 apireine
50%
110 drascore
50%
120 giratina alternative
50%
100 giratina origin
50%
106 heatran
50%
115 magnezone
50%
100 manaphy
50%
125 scorvol
50%
145 tarinorme
50%
100 shaymin
0%
Aucun quiz correspondant
Distribution des résultats
% des personnes avec chaque résultat
Percentile par nombre de réponses
Votre historique - résultats
Vous n’avez pas pris ce quiz